| 000 | 00530nam a22001691a 4500 | ||
|---|---|---|---|
| 001 | 6364 | ||
| 003 | OSt | ||
| 005 | 20260204212049.0 | ||
| 008 | 060330s1998||||dr ||||||b||||||||||spa|| | ||
| 050 | _aRD 345.052 R299l | ||
| 110 | _aRepública Dominicana | ||
| 245 | _aLey No.489 sobre exportación actualizado con la ley 78-98 modifica los art. 4 - 5 17 y agrega el art. 35 y 36 y ley no. 583 sobre secuestro | ||
| 264 | _aSanto Domingo : Congreso Nacional | ||
| 300 | _a12 p | ||
| 650 | _a1.Extradicción LeyÌ | ||
| 942 |
_2ddc _cBK |
||
| 999 |
_c6364 _d6364 |
||